=LDR 00000nam 2200000 4500 =001 INLIS000000000012377 =005 20130612103915 =008 ***********************************Ind** =035 ##$$0010-061300000012377 =041 ##$$a Ind =082 ##$$a 658.64 =090 ##$$a 658.64, Man m =245 ##$$a Manager latarbelakang, kepribadian dan peranannya, W. Lloyd Warner [et al] =260 ##$$a 1992 $b Semarang =300 ##$$a 141 hlm., Ilus, 21 cm =650 ##$$a Manajemen Eksekutif =700 ##$$a Warner, W. Lloyd =850 ##$$a NBPNMAT